000 00517nam a2200205 a 4500
001 BRCA_6805
005 20190321142923.0
008 031111s1881----gw-a######---#000-0#ger-#
041 _ager
044 _agw
050 4 _b.F35 1881
100 1 _aFalb, Rudolf
_d1838-1903
_916973
245 1 0 _avon den Umwälzungen im weltall
_cvon Rudolf Falb.
260 _aViena
_bA. Hatleben´s
_c1881
300 _axxiv, 288 p.
_bil.
_c19 cm.
500 _aL120
650 1 4 _aUniverso
_916974
902 _aGFM
942 _2lcc
_cB
999 _c6488
_d6488